| 000 | 01297nam a2200277 i 4500 | ||
|---|---|---|---|
| 003 | EG-ScBUE | ||
| 005 | 20231127140157.0 | ||
| 008 | 100630s1971 ua af b 000 0 ara d | ||
| 040 |
_aEG-ScBUE _bara _erda _cEG-ScBUE _dEG-ScBUE |
||
| 082 | 0 | 4 |
_a956.1015 _bج ب م _222 |
| 100 | 1 |
_915498 _aجيب، هـ. أ. ر.، _d1895-1971، _eمؤلف. |
|
| 245 | 1 | 2 |
_aالمجتمع الإسلامي والغرب. _nالجزء الأول / _cتأليف هاملتون جب، هارولد بوون ؛ ترجمة الدكتور أحمد عبد الرحيم مصطفى ؛ مراجعة الدكتور أحمد عزت عبد الكريم. |
| 264 | 1 |
_aالقاهرة : _bدار المعارف، _c1971. |
|
| 300 |
_a279 صفحة ؛ _c24 سم |
||
| 336 |
_2rdacontent _aنص _btxt |
||
| 337 |
_aبدون وسيط _2rdamedia _bn |
||
| 338 |
_aمجلد _bnc _2rdacarrier |
||
| 490 | _aمكتبة التاريخ العربي الحديث | ||
| 504 | _aيشتمل على إرجاعات ببليوجرافية. | ||
| 650 | 7 |
_2BUEsh _aالإسلام و الغرب. |
|
| 655 | _vReading book | ||
| 700 | 1 |
_aبووين، هارولد، _eمؤلف مشارك. |
|
| 700 | 1 |
_aمصطفى، أحمد عبد الرحيم، _eمترجم. |
|
| 700 | 1 |
_aعبد الكريم، أحمد عزت، _eمراجع. |
|
| 942 |
_2ddc _cBB |
||
| 999 |
_c14296 _d14296 |
||